00625cam a2200217 i 450000100060000000300080000600500170001400800410003102000150007203500190008704000270010604100080013308200180014110000220015924500840018126000380026530000330030350400300033665000220036665000190038812770BD-RjUL20211208235343.0140129s1976 nyua b 001 0 eng  a0442231830 a(BD-RjUL)12820 aDLCcDLCdBD-RjULbeng aeng00a612bHAH 19761 aHartenstein, Roy.10aHuman anatomy and physiology :bprinciples and applications /cRoy Hartenstein. aNew York :bVan Nostrand,cc1976. aix, 726 p. :bill. ;c24 cm. aBibliography: p. 686-693. 0aHuman physiology. 0aHuman anatomy.